Focus sur: Boromir - Tolkien - Statistiques

Statistiques générales
  • Ce quiz a été pris 25 fois
  • Le résultat moyen est 7 sur 9
Statistiques - réponses
Informations recherchées Réponses % Correct
Espèce Homme
100%
Première mention Le Seigneur des Anneaux: Le Retour du Roi
100%
Cité Minas Anor
92%
Age durant lequel il vécut Troisième
92%
Contrée Gondor
88%
Père Denethor Ier
83%
Profession et titre Intendant du Gondor
75%
Lignée (partiellement) Númenor
71%
Fils Cirion
0%
Aucun quiz correspondant
Distribution des résultats
% des personnes avec chaque résultat
Percentile par nombre de réponses
Votre historique - résultats
Vous n’avez pas pris ce quiz